<?xml version="1.0" encoding="UTF-8"?>
<record
    xmlns:xsi="http://www.w3.org/2001/XMLSchema-instance"
    xsi:schemaLocation="http://www.loc.gov/MARC21/slim http://www.loc.gov/standards/marcxml/schema/MARC21slim.xsd"
    xmlns="http://www.loc.gov/MARC21/slim">

  <leader>01794nam a22002537a 4500</leader>
  <datafield tag="999" ind1=" " ind2=" ">
    <subfield code="c">801</subfield>
    <subfield code="d">801</subfield>
  </datafield>
  <controlfield tag="003">OSt</controlfield>
  <controlfield tag="005">20190930222807.0</controlfield>
  <controlfield tag="008">160822b        xxu||||| |||| 00| 0 esp d</controlfield>
  <datafield tag="040" ind1=" " ind2=" ">
    <subfield code="c">DO-SdBJH</subfield>
    <subfield code="a">DO-SdBJH</subfield>
    <subfield code="b">spa</subfield>
  </datafield>
  <datafield tag="090" ind1=" " ind2=" ">
    <subfield code="a">TG EGEA</subfield>
    <subfield code="b">00579 2012</subfield>
  </datafield>
  <datafield tag="100" ind1="1" ind2=" ">
    <subfield code="a">Rodr&#xED;guez Rosario, Elca E. </subfield>
    <subfield code="e">sustentante</subfield>
  </datafield>
  <datafield tag="245" ind1="1" ind2="0">
    <subfield code="a">An&#xE1;lisis de las capacidades y limitaciones de la Fuerza A&#xE9;rea Dominicana en la aplicaci&#xF3;n de planes de repuestas en casos de emergencias (terremotos, huracanes e inundaciones) en la Rep&#xFA;blica Dominicana, en el per&#xED;odo 2006-2011 / </subfield>
    <subfield code="c">Elca E. Rodr&#xED;guez Rosario, asesores  Jos&#xE9; Antonio De los Santos S&#xE1;nchez, Eddy B. Ceballos Guzm&#xE1;n</subfield>
  </datafield>
  <datafield tag="260" ind1=" " ind2=" ">
    <subfield code="a">Santo Domingo :</subfield>
    <subfield code="b">INSUDE, </subfield>
    <subfield code="c">2012</subfield>
  </datafield>
  <datafield tag="300" ind1=" " ind2=" ">
    <subfield code="a">xvii, 85 p&#xE1;ginas, ilustraciones-cuadros y gr&#xE1;ficas</subfield>
  </datafield>
  <datafield tag="502" ind1=" " ind2=" ">
    <subfield code="a">Tesis (Especialidad en  Comando y Estado Mayor A&#xE9;reo). --  Instituto Superior para la Defensa (INSUDE). Escuela de Graduados de Estudios Aeron&#xE1;uticos, 2012.</subfield>
  </datafield>
  <datafield tag="504" ind1=" " ind2=" ">
    <subfield code="a">Incluye referencias bibliogr&#xE1;ficas e &#xED;ndices</subfield>
  </datafield>
  <datafield tag="505" ind1=" " ind2=" ">
    <subfield code="a">Capacidad de respuesta que posee la Fuerza A&#xE9;rea Dominicana ante emergencias. -- Planes de Contingencia que posee la Fuerza A&#xE9;rea Dominicana. -- Nivel de conocimientos y preparaci&#xF3;n que poseen actualmente los miembros de la Fuerza A&#xE9;rea Dominicana para llevar a cabo las operaciones de emergencias.
</subfield>
  </datafield>
  <datafield tag="650" ind1=" " ind2="4">
    <subfield code="a">Fuerza A&#xE9;rea Dominicana.  Escuela de Graduados -- Capacidad de respuesta en emergencias</subfield>
  </datafield>
  <datafield tag="650" ind1=" " ind2="4">
    <subfield code="a">Limitaci&#xF3;n y capacidad -- Casos de emergencia -- Terremotos -- Huracanes -- inundaciones (Rep&#xFA;blica Dominicana)</subfield>
  </datafield>
  <datafield tag="700" ind1="1" ind2=" ">
    <subfield code="a">De los Santos S&#xE1;nchez, Jos&#xE9; Antonio</subfield>
    <subfield code="e">asesor</subfield>
  </datafield>
  <datafield tag="700" ind1="1" ind2=" ">
    <subfield code="a">Ceballos Guzm&#xE1;n, Eddy B.</subfield>
    <subfield code="e"> asesor</subfield>
  </datafield>
  <datafield tag="830" ind1=" " ind2=" ">
    <subfield code="a">INSUDE.  Escuela de Graduados de Estudios Aeron&#xE1;uticos.  Tesis y disertaciones acad&#xE9;micas</subfield>
  </datafield>
  <datafield tag="942" ind1=" " ind2=" ">
    <subfield code="2">CL</subfield>
    <subfield code="c">T</subfield>
  </datafield>
  <datafield tag="952" ind1=" " ind2=" ">
    <subfield code="0">0</subfield>
    <subfield code="1">0</subfield>
    <subfield code="2">CL</subfield>
    <subfield code="4">0</subfield>
    <subfield code="7">1</subfield>
    <subfield code="8">TG</subfield>
    <subfield code="a">BJHA</subfield>
    <subfield code="b">BJHA</subfield>
    <subfield code="d">2016-08-22</subfield>
    <subfield code="i">12-00579</subfield>
    <subfield code="l">0</subfield>
    <subfield code="o">TG EGEA 00579 2012</subfield>
    <subfield code="p">12-00579</subfield>
    <subfield code="r">2018-10-06 00:00:00</subfield>
    <subfield code="t">e.1</subfield>
    <subfield code="w">2016-08-22</subfield>
    <subfield code="y">T</subfield>
  </datafield>
  <datafield tag="952" ind1=" " ind2=" ">
    <subfield code="0">0</subfield>
    <subfield code="1">0</subfield>
    <subfield code="2">ddc</subfield>
    <subfield code="4">0</subfield>
    <subfield code="7">0</subfield>
    <subfield code="8">CG</subfield>
    <subfield code="a">BEGCEMA</subfield>
    <subfield code="b">BEGCEMA</subfield>
    <subfield code="d">2019-08-19</subfield>
    <subfield code="i">IMESA20001</subfield>
    <subfield code="l">0</subfield>
    <subfield code="o">TG EGEA 00579 2012</subfield>
    <subfield code="p">IMESA20001</subfield>
    <subfield code="r">2019-08-19 00:00:00</subfield>
    <subfield code="t">EJ1</subfield>
    <subfield code="w">2019-08-19</subfield>
    <subfield code="y">T</subfield>
  </datafield>
</record>
